Proceedings of the Seminar on Practical Applications of Computer Modelling in he Forestry Sector, 10 - 12 March, 1988, Kuching, Malaysia

Bibliographic Details
Corporate Authors: SEMINAR on Practical Applications of Computer Modelling in the Forestry Sector, ASEAN Institute of Forest Management (AIFM), MALAYSIA
Format: Book
Published: Kuching, Sarawak; Kuala Lumpur : Sarawak Forest Department; ASEAN Institute of Forest Management , 1988
Subjects:

MARC

LEADER 00000cam a2200000 7i4500
001 0000002182
005 20030320.0
090 0 0 |a 634.920285   |b SEM 1988 
110 1 0 |a SEMINAR on Practical Applications of Computer Modelling in the Forestry Sector   |k 1988   |k Kuching, Sarawak 
245 1 0 |a Proceedings of the Seminar on Practical Applications of Computer Modelling in he Forestry Sector, 10 - 12 March, 1988, Kuching, Malaysia   |f jointly organised by Sarawak Forest Department, ASEAN Institute of Forest Management 
260 0 0 |a Kuching, Sarawak; Kuala Lumpur :   |b Sarawak Forest Department; ASEAN Institute of Forest Management ,   |c 1988 
300 |a Various pagings ;   |c 30 cm. 
650 0 0 |a Forests and forestry   |x Computer programs   |x Congresses 
650 0 0 |a Forests and forestry   |z Malaysia   |x Congresses 
650 0 0 |a Logging   |x Congresses 
650 0 0 |a Timber   |x Congresses 
710 1 1 |a ASEAN Institute of Forest Management (AIFM) 
710 1 1 |a MALAYSIA ,   |c Sarawak Forest Department 
998 |a JPSM 
999 |a 0000003664   |b Monograph   |c Open Shelf   |e Default branch